书目信息 |
| 题名: |
生存的美学问题
|
|
| 作者: | 高楠 著 | |
| 分册: | ||
| 出版信息: | 沈阳 辽宁大学出版社 2001 |
|
| 页数: | 453页 | |
| 开本: | 20cm | |
| 丛书名: | ||
| 单 册: | ||
| 中图分类: | B834.3 | |
| 科图分类: | ||
| 主题词: | 美学-关系-社会生活 , 生存--美学--研究 | |
| 电子资源: | ||
| ISBN: | 7-5610-4273-6 | |
| 000 | 00578nam0 2200205 45 | |
| 001 | 0310111797 | |
| 005 | 20031219104119.9 | |
| 010 | @a7-5610-4273-6@dCNY28.00 | |
| 100 | @a20031011d2001 km y0chiy0120 ea | |
| 101 | 0 | @achi |
| 105 | @a z 000yy | |
| 200 | 1 | @a生存的美学问题@ASheng Cun De Mei Xue Wen Ti@f高楠著@FGao Nan Zhu |
| 210 | @a沈阳@c辽宁大学出版社@d2001 | |
| 215 | @a453页@d20cm | |
| 606 | 0 | @a美学-关系-社会生活 |
| 606 | 0 | @a生存@x美学@x研究 |
| 690 | @aB834.3@v4 | |
| 701 | 0 | @a高楠@4著 |
| 801 | @aCN@bTSTC@c20031011 | |
| 905 | @a213230@b326835-839@dB834.3@e176@f5 | |
| 生存的美学问题/高楠著.-沈阳:辽宁大学出版社,2001 |
| 453页;20cm |
| ISBN 7-5610-4273-6:CNY28.00 |
| ● |
| 相关链接 |
|
|
|
|
正题名:生存的美学问题
索取号:B834.3/176
 
预约/预借
| 序号 | 登录号 | 条形码 | 馆藏地/架位号 | 状态 | 备注 |
| 1 | 0326835 | 203268356 | 第一借阅区/ [索取号:B834.3/176] | 在馆 | |
| 2 | 0326836 | 203268365 | 第一借阅区/ [索取号:B834.3/176] | 在馆 | |
| 3 | 0326837 | 203268374 | 第一借阅区/ [索取号:B834.3/176] | 在馆 | |
| 4 | 0326838 | 203268383 | 第一借阅区/ [索取号:B834.3/176] | 在馆 | |
| 5 | 0326839 | 203268392 | 第一样本阅览室/ [索取号:B834.3/176] | 在馆 |